[Event "Oberfranken-ch"]
[White "Grosshans, Ralf Michael"]
[Black "Heimerl, Detlev"]
[Site "Schney"]
[Round "3"]
[Result "1-0"]
[Date "2020.01.04"]
[WhiteElo "2081"]
[BlackElo "1929"]
[PlyCount "91"]
[EventDate "2020.01.03"]
[EventType "swiss"]
[EventRounds "7"]
[EventCountry "GER"]
[SourceTitle "CBM 194 Extra"]
[Source "ChessBase"]
[SourceDate "2020.03.31"]
[SourceVersion "1"]
[SourceVersionDate "2020.03.31"]
[SourceQuality "1"]

1. e4 c6 2. d3 d5 3. Nd2 dxe4 4. dxe4 Nf6 5. h3 g6 6. Ngf3 Bg7 7. Bc4 Nbd7 8. a4 Qa5 9. c3 0-0 10. 0-0 Qc7 11. a5 Ne5 12. Nxe5 Qxe5 13. Re1 Rd8 14. Qb3 e6 15. Nf3 Qc7 16. Bg5 Re8 17. e5 Nd5 18. Bf1 h6 19. Bd2 Bd7 20. c4 Ne7 21. Bc3 c5 22. Bd3 Bc6 23. Be4 Red8 24. Qc2 Bxe4 25. Qxe4 Qc6 26. Qf4 Rd7 27. Nd2 g5 28. Qg4 Ng6 29. Nf3 Rad8 30. h4 gxh4 31. Nxh4 Nxh4 32. Qxh4 Rd3 33. Re4 Kf8 34. Rae1 Qc7 35. Qh5 Qd7 36. Kh2 Rd1 37. R1e3 Rd3 38. Re2 Qe7 39. Rg4 a6 40. Ree4 Qc7 41. g3 Qc6 42. Ref4 R8d7 43. Qg6 Rf3 44. Qxg7+ Ke8 45. Qh8+ Ke7 46. Qf6+ 1-0